Регионална библиотека "Любен Каравелов" - Русе

ВМРО (Запис номер 111728)

MARC детайли
000 -Лидер
Контролно поле с фиксирана дължина 01441nam a2200361 c 4500
003 - Код на организацията, давaща контролен номер
Контролно поле BLK
005 - Дата и час на последна редакция
Контролно поле 20250128005513.0
008 - Елементи от данни с фиксирана дължина
fixed length control field 180409b bul|||||r ||||||| ||bul||
010 ## - Наследен системен номер
LC control number KNG00117078000
020 ## - Международен стандартен номер на книга ISBN
Международен стандартен номер на книга ISBN 954-579-253-1
-- издат.: Славена
040 ## - Източник на каталожния запис
Идентификатор на билиотеката - собственик на записа BLK
041 ## - Код за език
Код за езика на текст/звукозапис или на отделно заглавие Български
Код за езика КДБФ Български
080 ## - УДК
Текстов определител УДК Политически партии и движения
УДК код - определител по УДК 329
УДК определител (497.2)ВМРО
УДК - код + определител 329(497.2)ВМРО
080 ## - УДК
Текстов определител УДК Национални малцинства. Оптанти
УДК код - определител по УДК 323.15
УДК определител (497.2)
УДК - код + определител 323.15(497.2)
100 1# - Редна дума - Автор
Автор Генадиев, Генади Петров
Авторска отговорност първи автор
R(LIN) 285592
139 ## - Редно поле
Редна дума Генадиев, Генади Петров
Авторски знак Ген - Г 29
245 10 - Сведения за заглавието
Заглавие ВМРО
Подзаглавни данни Възстановяване и развитие в края на ХХ в. или 100 г. по-късно
Редно поле (дума) Генади Петров Генадиев.
257 ## - Страна на издаване
Страна на създаване/издаване България
260 ## - Област на издателските данни
-- Варна
Име на издателя, разпространителя и проч. Славена
Година на издаване 2003
300 ## - Физическа характеристика
Страници 172 с.
Илюстрации и др. с ил., портр., факс.
Размери/Мащаб 20 см
380 ## - Жанр
Жанр Обществени науки
650 #4 - Допълнително описание по предмет – тема
Основно описание – тема или топоним ВМРО
9 (RLIN) 150937
650 #4 - Допълнително описание по предмет – тема
Основно описание – тема или топоним Македонски въпрос
9 (RLIN) 242249
650 #0 - Допълнително описание по предмет – тема
Основно описание – тема или топоним България - вътрешна политика
9 (RLIN) 241559
653 ## - Ключова дума – ненормативна
Ключова дума ВМРО
653 ## - Ключова дума – ненормативна
Ключова дума вътрешна политика
852 ## - Местоположение
Форматна сигнатура Цб 222315
856 4# - Електронен адрес и достъп
Електронен формат pdf - файл
Път до файла /url/
856 4# - Електронен адрес и достъп
Електронен формат pdf - файл
Път до файла /url/
942 ## - АРТИКУЛИ
Вид на библиотечния материал Книги
Скрит в OPAC Не
944 ## - СЪЗДАВАНЕ И РЕДАКЦИЯ на ЗАПИСА
Създаване/Редакция Създаване
Дата на регистрацията/редакция 24.01.2005
Служител, извършил регистрацията/редакцията
Статус, дата на статуса CRON CRON
944 ## - СЪЗДАВАНЕ И РЕДАКЦИЯ на ЗАПИСА
Създаване/Редакция Редакция
Дата на регистрацията/редакция 02.02.2005
Служител, извършил регистрацията/редакцията
999 ## - СИСТЕМНИ КОНТРОЛНИ НОМЕРА
Koha biblionumber 111728
Koha biblioitemnumber 111728
Наличности
Код за отписване Код за изгубен артикул Код за повреда Коз за рестрикции Код за отдаване Артикулен № Име на библиотеката - собственик Име на библиотеката, в която се намира в момента Статус (Текущо местоположение) Дата на вписване в системата Местоположение - отдел Цена в лева Инвентарен номер Систематично азбучна сигнатура Баркод Номер на екземпляра Цена в евро Служебна бележка Служебен тип на артикула
  Не е изгубен Не е повреден без рестрикции ползва се в читалня 179389 Регионална библиотека "Любен Каравелов" Русе Регионална библиотека "Любен Каравелов" Русе Хранилище 2005-01-24 Хранилище 5.00 120000691321 Цб 222315 120000691321 1 2.56 Дост: Dp Вид: Д N: 13 Дата: 17.03.2004 Книги
Vip Innovations Ltd, Rousse, Bulgaria 2025